Vesa-Matti Loirin filmografia - Statistics

Yleistilastot
  • Tätä visaa on pelattu 64 kertaa
  • Keskiarvotulos 15 / 69
Vastaustilastot
Vuosi Elokuva Rooli % Oikein
1985 Uuno Epsanjassa Uuno Turhapuro, Nasse-setä
91%
1984 Uuno Turhapuro armeijan leivissä Uuno Turhapuro
89%
1962 Pojat Jake
87%
1973 Uuno Turhapuro Uuno Turhapuro
87%
1986 Uuno Turhapuro muuttaa maalle Uuno Turhapuro
67%
1982 Uuno Turhapuro menettää muistinsa Uuno Turhapuro
61%
2003 Pahat pojat Jouko Takkunen
54%
2012 Tie pohjoiseen Leo Porala
54%
1993 Uuno Turhapuron poika Uuno Turhapuro
52%
1976 Lottovoittaja UKK Turhapuro Uuno Turhapuro
50%
1988 Tupla-Uuno Uuno Turhapuro
48%
1983 Uuno Turhapuron muisti palailee pätkittäin Uuno Turhapuro
48%
1992 Uuno Turhapuro – Suomen tasavallan herra presidentti Uuno Turhapuro
46%
1991 Uuno Turhapuro herra Helsingin herra Uuno Turhapuro
39%
1986 Pikkupojat Make, Upseeri Jäpälä
37%
1978 Rautakauppias Uuno Turhapuro – presidentin vävy Uuno Turhapuro
37%
2004 Uuno Turhapuro – This Is My Life Uuno Turhapuro
37%
1987 Uuno Turhapuro – kaksoisagentti Uuno Turhapuro
35%
1977 Häpy Endkö? Eli kuinka Uuno Turhapuro sai niin kauniin ja rikkaan vaimon Uuno Turhapuro
30%
1968 Noin 7 veljestä 1. huovi
28%
1990 Uunon huikeat poikamiesvuodet maaseudulla Uuno Turhapuro
28%
1981 Uuno Turhapuron aviokriisi Uuno Turhapuro
28%
1975 Professori Uuno D.G. Turhapuro Uuno Turhapuro
24%
1982 Ulvova mylläri Gunnar Huttunen
24%
1979 Koeputkiaikuinen ja Simon enkelit Luigi, vodkaturisti, kirkkoherranviraston virkailija, Uuno Turhapuro
22%
2010 Vesku oma itsensä
22%
1971 Hirttämättömät Yksinäinen ratsastaja
20%
1997 Kummeli Kultakuume Eugen von Lahtinen
20%
1976 Seitsemän veljestä Tuomas
20%
1980 Tup-akka-lakko Luigi, kirkkoherranviraston virkailija, Uuno Turhapuro
20%
1985 Hei kliffaa hei Auvo
17%
1998 Johtaja Uuno Turhapuro – pisnismies Uuno Turhapuro
15%
2015 Elämältä kaiken sain Urho
13%
1970 Jussi Pussi Jussi Lietessalo
11%
1971 Kahdeksas veljes Jaska Hujanen
11%
1969 Leikkikalugangsteri kamreeri
11%
2019 Mestari Cheng Vilppula
11%
1969 Pohjan tähteet Paavali Pohja
11%
2011 Varasto Mynttinen
11%
1972 Hellyys Osku
9%
1983 Jon Heikki Öljynen
9%
1973 Krapula Osku
9%
1986 Liian iso keikka Hikka
9%
1969 Näköradiomiehen ihmeelliset seikkailut Antti Vasa
9%
1977 Tykkimies Kauppalan viimeiset vaiheet Kauppala
9%
1967 Ihmisiä elämän pohjalla Aljoška
7%
1981 Pedon merkki Usko
7%
1975 Rakastunut rampa Sakris Kukkelman
7%
2000 Hurmaava joukkoitsemurha Mikko Heikkinen
4%
2005 Kaksipäisen kotkan varjossa Verneri
4%
1967 Lapualaismorsian Vesku
4%
1984 Lentävät luupäät robotti
4%
1967 Olviretki Schleusingenissa Tommi
4%
1992 Kuka on Joe Louis? valmentaja
2%
1993 Ripa ruostuu Ripan isä
2%
2002 Rumble Leo
2%
1979 Seth Mattsonin tarina Seth Mattson
2%
1999 Sokkotanssi Himanen
2%
1978 Tuonelan joutsen Lemminkäinen
2%
1991 Vääpeli Körmy ja vetenalaiset vehkeet Uuno Turhapuro
2%
1994 Vääpeli Körmy – taisteluni Loiri
2%
1987 Älä itke Iines passinväärentäjä
0%
1967 Barabbas Poika
0%
1999 Historiaa tehdään öisin kauppias
0%
1967 Kahden maanantain muisto Jerry
0%
1994 Kesäyön unelma Puk
0%
1995 Ruuvimies Simo Ålander
0%
2003 Tähtikeinu Eino Leino
0%
1999 Talossa on Saatana Kuolema
0%
Ehtoja vastaavia visoja ei löytynyt
Tulosjakauma
Jokaisen tuloksen saaneiden osuus
Persentiili vastausten määrän mukaan
Tuloshistoriasi
Et ole pelannut tätä visaa